00538nam a2200193 a 4500001000400000003000900004008004100013040002800054082002000082100002600102245001800128260004400146300001500190490001600205500006800221650002600289942001200315999001700327948CO-ViMGA141112s2004 ck r 000 u spa d aCO-ViMGAbspacCO-ViMGA04a843.7 F518m - 11 aFlaubert, Gustave91310aMadame Bovary aSantafé de Bogotá : bNorma, c1995 a348, 82 p. aCara y cruz aEncuadernado con A propósito de Gustave Flaubert y su obra. 14aNOVELA FRANCESA92629 2ddccBK c13175d13175